Calculator Words Quiz Stats

Quiz Updated Apr 2, 2016

Challenge
Share
Tweet
Embed
Score 0/24 Timer 03:00
2 Plays Today
Word Number % Correct
EEL733
99.3%
LOG607
89.3%
GOO0.06
89.1%
BIG618
86.4%
HEEL7334
84.3%
GILL7716
83.3%
ELSE3573
80.9%
BLOG6078
79.4%
LEGO0.637
79%
HELLO0.7734
78.5%
OOZE3200
75.5%
GEESE35336
75.3%
Word Number % Correct
BEIGE36138
73.1%
BIBLE37818
73.1%
IGLOO0.0761
71.7%
SIZZLE372215
66%
BOOGIE316008
66%
OBSESS553580
63.2%
SEIZES532135
56.9%
BOGGLE376608
55.6%
HOBBIES5318804
50.9%
BELLIES5317738
46.7%
EGGSHELL77345663
41.6%
ILLEGIBLE378163771
36.3%

You're not logged in!

Compare scores with friends on all Sporcle quizzes.
Join for Free
OR
Log In

You Might Also Like...

Show Comments

Extras

Top Quizzes Today


Score Distribution

Your Account Isn't Verified!

In order to create a playlist on Sporcle, you need to verify the email address you used during registration. Go to your Sporcle Settings to finish the process.

Report this User

Report this user for behavior that violates our Community Guidelines.

Details: